000
00348nam a22001097a 4500
999
_c
13716
_d
13716
082
_a
297.63
100
_a
محمّد ولی رازی
245
_a
ہادی عالم صلی الله علیہ وسلم
_b
سیرت طیبہ پر پہلی غیر منقوط کتاب
260
_a
کراچی
_b
دارالعلم
300
_a
٤١٦ صفحات
942
_c
BK